<?xml version="1.0" encoding="UTF-8"?><?xml-stylesheet type="text/xsl" href="static/style.xsl"?><OAI-PMH xmlns="http://www.openarchives.org/OAI/2.0/" xmlns:xsi="http://www.w3.org/2001/XMLSchema-instance" xsi:schemaLocation="http://www.openarchives.org/OAI/2.0/ http://www.openarchives.org/OAI/2.0/OAI-PMH.xsd"><responseDate>2026-04-26T20:25:07Z</responseDate><request verb="GetRecord" identifier="oai:uvadoc.uva.es:10324/28486" metadataPrefix="marc">http://uvadoc.uva.es/oai/request</request><GetRecord><record><header><identifier>oai:uvadoc.uva.es:10324/28486</identifier><datestamp>2025-02-18T12:50:39Z</datestamp><setSpec>com_10324_38</setSpec><setSpec>col_10324_852</setSpec></header><metadata><record xmlns="http://www.loc.gov/MARC21/slim" xmlns:doc="http://www.lyncode.com/xoai" xmlns:xsi="http://www.w3.org/2001/XMLSchema-instance" xmlns:dcterms="http://purl.org/dc/terms/" xsi:schemaLocation="http://www.loc.gov/MARC21/slim http://www.loc.gov/standards/marcxml/schema/MARC21slim.xsd">
<leader>00925njm 22002777a 4500</leader>
<datafield tag="042" ind1=" " ind2=" ">
<subfield code="a">dc</subfield>
</datafield>
<datafield tag="720" ind1=" " ind2=" ">
<subfield code="a">Colomer Martínez, Noelia</subfield>
<subfield code="e">author</subfield>
</datafield>
<datafield tag="260" ind1=" " ind2=" ">
<subfield code="c">2017</subfield>
</datafield>
<datafield tag="520" ind1=" " ind2=" ">
<subfield code="a">Las garrapatas son arácnidos ectoparásitos hematófagos, vectores de agentes&#xd;
infecciosos como protozoos, bacterias, virus y hongos, que causan un variado número&#xd;
de enfermedades al ser humano. Debido a la relevancia que están cobrando las&#xd;
infecciones transmitidas por garrapatas y la importancia de la enfermería en la&#xd;
minimización del riesgo de padecerlas, esta revisión bibliográfica descriptiva compara&#xd;
las diferentes formas de retirar una garrapata tras la picadura al paciente y las&#xd;
posteriores pruebas de laboratorio que se han de realizar. Por ello, el principal&#xd;
objetivo de esta investigación es destacar el valor de la actuación enfermera en los&#xd;
problemas de Salud Pública, desde la prevención, detección y tratamiento de los&#xd;
mismos.&#xd;
Se ha buscado información en las bases de datos Biblioteca Virtual en Salud,&#xd;
PubMed, Scielo, Biblioteca Cochrane Plus, Dialnet, PubFacts y en la literatura gris.&#xd;
También se consultó alguna página web como la del Ministerio de Sanidad, Servicios&#xd;
Sociales e Igualdad y la de la Junta de Castilla y León. Se acotó la búsqueda entre los&#xd;
años 2002 y 2017, obteniéndose un total de 29 referencias para la elaboración de los&#xd;
resultados.&#xd;
Se observa que las prácticas tradicionales usadas para retirar garrapatas crean&#xd;
riesgos para la transmisión de patógenos, por tanto varios estudios recomiendan la&#xd;
retirada lo antes posible mediante la tracción continua con pinzas, por ser el método&#xd;
más seguro y efectivo. También se ha estudiado el efecto de algunas plantas o&#xd;
medicamentos como ixodicidas para facilitar su retirada, dando buenos resultados.&#xd;
Asimismo, se ha de conservar la garrapata en un bote de cristal para su traslado a un&#xd;
laboratorio que, mediante pruebas como PCR, inmunofluorescencia indirecta,&#xd;
serología para anticuerpos IgG e IgM, ELISA y Western blot, detectará la diferentes&#xd;
enfermedades que puede transmitir al ser humano.</subfield>
</datafield>
<datafield tag="024" ind2=" " ind1="8">
<subfield code="a">http://uvadoc.uva.es/handle/10324/28486</subfield>
</datafield>
<datafield ind1=" " ind2=" " tag="653">
<subfield code="a">Garrapatas</subfield>
</datafield>
<datafield ind1=" " ind2=" " tag="653">
<subfield code="a">Análisis clínicos - Prácticas de laboratorio</subfield>
</datafield>
<datafield tag="245" ind1="0" ind2="0">
<subfield code="a">Métodos de retirada y pruebas de laboratorio tras la picadura de una garrapata</subfield>
</datafield>
</record></metadata></record></GetRecord></OAI-PMH>